00421nam a2200157Ia 45000010006000000050017000060080041000230410008000640820015000721000024000872450099001112600009002103000028002196500008002476540008002551794720260306171554.0260306s9999||||xx |||||||||||||| ||und|| aESP a658.3bH27 aHawkins, PetereAUT 0aCoaching y liderazgo de equipos:bcoaching para un liderazgo con capacidad de transformación c2012 a353 páginas :c22 cm. aGEN aCAN